Normal view
MARC view
- Digital electronics
Entry Topical Term
001 - CONTROL NUMBER
- control field: 26602
003 - CONTROL NUMBER IDENTIFIER
- control field: IN-BhIIT
005 - DATE AND TIME OF LATEST TRANSACTION
- control field: 20251028165512.0
008 - FIXED-LENGTH DATA ELEMENTS
- fixed length control field: 251028|| aca||aabn | a|a d
040 ## - CATALOGING SOURCE
- Original cataloging agency: IN-BhIIT
- Transcribing agency: IN-BhIIT
150 ## - HEADING--TOPICAL TERM
- Topical term or geographic name entry element: Digital electronics
670 ## - SOURCE DATA FOUND
- Source citation: Work cat.: (IN-BhIIT)15094: Harris, David Money. Author 25024, Digital design and computer architecture /, 2019.